[Event "TUR-chT 2nd League"]
[Site "Konya"]
[Date "2019.07.28"]
[Round "9.15"]
[White "Firinciogullari, Gurdal"]
[Black "Seyit, Ersel"]
[Result "0-1"]
[WhiteElo "1682"]
[BlackElo "1735"]
[PlyCount "64"]
[EventDate "2019.07.22"]
[EventType "team-swiss"]
[EventRounds "9"]
[EventCountry "TUR"]
[SourceTitle "CBM 191 Extra"]
[Source "ChessBase"]
[SourceDate "2019.09.30"]
[SourceVersion "1"]
[SourceVersionDate "2019.09.30"]
[SourceQuality "1"]
[WhiteTeam "Kahramanmaras Ustad"]
[BlackTeam "Corum Belediye"]
[WhiteTeamCountry "TUR"]
[BlackTeamCountry "TUR"]

1. d4 Nf6 2. Nf3 c5 3. e3 e6 4. c3 d5 5. Bd3 Bd6 6. 0-0 0-0 7. Nbd2 Nc6 8. dxc5 Bxc5 9. Qe2 e5 10. e4 d4 11. Nb3 Bb6 12. cxd4 exd4 13. Bg5 Bg4 14. h3 Bxf3 15. Qxf3 Ne5 16. Qd1 h6 17. Bh4 Ng6 18. Bg3 Re8 19. Re1 Rc8 20. Rc1 Rxc1 21. Qxc1 Nh5 22. Bh2 Qh4 23. g4 Qxh3 24. Bf1 Qxg4+ 25. Kh1 Qf3+ 26. Bg2 Qxf2 27. Rf1 Ng3+ 28. Bxg3 Qxg3 29. Rf3 Qg4 30. Qf1 Nh4 31. Rf2 Nxg2 32. Rxg2 Qh3+ 0-1

[Event "TUR-chT 2nd League"]
[Site "Konya"]
[Date "2019.07.26"]
[Round "7.16"]
[White "Seyit, Ersel"]
[Black "Atasoy, Ata"]
[Result "1/2-1/2"]
[WhiteElo "1735"]
[BlackElo "1492"]
[PlyCount "50"]
[EventDate "2019.07.22"]
[EventType "team-swiss"]
[EventRounds "9"]
[EventCountry "TUR"]
[SourceTitle "CBM 191 Extra"]
[Source "ChessBase"]
[SourceDate "2019.09.30"]
[SourceVersion "1"]
[SourceVersionDate "2019.09.30"]
[SourceQuality "1"]
[WhiteTeam "Corum Belediye"]
[BlackTeam "Maras Spor Kulubu"]
[WhiteTeamCountry "TUR"]
[BlackTeamCountry "TUR"]

1. e4 c5 2. Nf3 e6 3. d3 Nc6 4. g3 g6 5. Bg2 Bg7 6. Nc3 Nge7 7. Be3 d6 8. Qd2 e5 9. h4 h5 10. Bg5 f6 11. Be3 Be6 12. Nh2 0-0 13. Bh6 d5 14. Bxg7 Kxg7 15. 0-0-0 d4 16. Nd5 Nxd5 17. exd5 Bxd5 18. f3 Qa5 19. a3 Qxd2+ 20. Rxd2 Rae8 21. Rg1 Ra8 22. Rh1 Rae8 23. Rg1 Ra8 24. Rh1 Rae8 25. Rg1 Ra8 1/2-1/2

[Event "Manavgat Turkey Cup"]
[Site "Manavgat"]
[Date "2015.02.01"]
[Round "3"]
[White "Dogan, Sevval"]
[Black "Seyit, Ersel"]
[Result "1/2-1/2"]
[WhiteElo "1779"]
[BlackElo "1597"]
[PlyCount "74"]
[EventDate "2015.01.31"]
[EventType "swiss"]
[EventRounds "11"]
[EventCountry "TUR"]
[SourceTitle "CBM 164 Extra"]
[Source "ChessBase"]
[SourceDate "2015.03.02"]
[SourceVersion "1"]
[SourceVersionDate "2015.03.02"]
[SourceQuality "1"]

1. e4 c5 2. Nf3 d6 3. d4 cxd4 4. Nxd4 Nf6 5. Nc3 a6 6. Bg5 e6 7. f4 Be7 8. Qf3 Nbd7 9. 0-0-0 Qc7 10. g4 b5 11. Bxf6 gxf6 12. Bg2 Bb7 13. Kb1 b4 14. Nce2 Nc5 15. Qe3 Rg8 16. Bf3 Rc8 17. c3 Qa5 18. cxb4 Qxb4 19. Nc3 Rb8 20. Qc1 f5 21. gxf5 Bf6 22. a3 Qc4 23. Qd2 Nb3 24. Qe2 Qxe2 25. Ncxe2 Nxd4 26. Nxd4 Ke7 27. fxe6 fxe6 28. Rd2 Rgf8 29. Ne2 Ba8 30. Rc1 Rfc8 31. Rdc2 Rxc2 32. Rxc2 Kd7 33. Kc1 Rb3 34. Nc3 Bd4 35. Kd2 Bc6 36. Ke2 Bxc3 37. bxc3 Rxa3 1/2-1/2

[Event "Manavgat Turkey Cup"]
[Site "Manavgat"]
[Date "2015.01.31"]
[Round "1"]
[White "Kuruz, Yusuf"]
[Black "Seyit, Ersel"]
[Result "0-1"]
[WhiteElo "1924"]
[BlackElo "1597"]
[PlyCount "104"]
[EventDate "2015.01.31"]
[EventType "swiss"]
[EventRounds "11"]
[EventCountry "TUR"]
[SourceTitle "CBM 164 Extra"]
[Source "ChessBase"]
[SourceDate "2015.03.02"]
[SourceVersion "1"]
[SourceVersionDate "2015.03.02"]
[SourceQuality "1"]

1. Nf3 c5 2. e4 d6 3. d4 cxd4 4. Nxd4 Nf6 5. Nc3 a6 6. Be2 e5 7. Nb3 Be6 8. Bg5 Nbd7 9. 0-0 Be7 10. f4 Qc7 11. f5 Bc4 12. Bxc4 Qxc4 13. Qf3 0-0 14. Rad1 Rfe8 15. Rd2 h6 16. Be3 b5 17. a3 a5 18. Re2 b4 19. Nd5 Nxd5 20. exd5 Nf6 21. Rd1 e4 22. Qf2 Ng4 23. Qe1 Bh4 24. g3 Ne5 25. Kg2 Nf3 26. Qf2 Bf6 27. Nd4 Bxd4 28. Bxd4 Qxd5 29. f6 Qh5 30. h3 bxa3 31. bxa3 Qd5 32. fxg7 Rac8 33. Qe3 Re6 34. c3 Rc4 35. Rb2 Rc8 36. a4 Qc4 37. Rdb1 Nxd4 38. cxd4 Kxg7 39. Rf2 Qc3 40. Qf4 Rc7 41. Qg4+ Rg6 42. Qf4 Qxd4 43. Rbf1 Qxa4 44. h4 Qb3 45. h5 Rg5 46. Qxd6 Qb7 47. Qf6+ Kh7 48. Rb2 Qd5 49. Rb6 e3+ 50. Qf3 Qd2+ 51. Kg1 Qd4 52. Qe2 Qxb6 0-1